Top 10 Dog/Cat Names in the UK 2016 - Statistics

General Stats
  • This quiz has been taken 127 times
  • The average score is 6 of 20
Answer Stats
Top 10 Cat Names % Correct
Max
51%
Molly
42%
Rex
38%
Poppy
37%
Poppy
37%
Bella
35%
Sam/Sammy
35%
Sam/Sammy
35%
Ben/Benjamin
34%
Bob
34%
Bob/Bobby
34%
Charlie
33%
Charlie
33%
Jack
33%
Daisy
27%
Felix
24%
Jess/Jessie
17%
Alf/Alfie
14%
Thomas
13%
Smokey
3%
No matching quizzes found
Score Distribution
Percent of People with Each Score
Percentile by Number Answered
Your Score History
You have not taken this quiz